000
00279nam a2200109Ia 4500
008
230907s9999||||xx |||||||||||||| ||und||
082
_a
690.068
_b
POR
100
_a
Portman, Jackie,
_9
115685
245
0
_a
Building services engineering :
300
_a
xv, 165 pages :
942
_c
BK
999
_c
599139
_d
599139